000 00699nam a2200217Ia 4500
001 15456
003 GE_BSU
008 181216s||||||||xx |||||||||||||| ||und||
040 _cGE_BSU
080 _a821.353.1-31
100 _aჩხეიძე,ოთარ
245 _aორტომეული. ტ.1. ჯებირი, ბურუსი, მეჩეჩი
245 _bრომანები
260 _aთბილისი
260 _bსაბჭოთა საქართველო
260 _c1972
300 _a628გვ.22სმ.
653 _aორტომეული
653 _aჯებირი, ბურუსი, მეჩეჩი
942 _cBK
999 _c48559
_d48559